| 000 | 00970nam a2200289Ia 4500 | ||
|---|---|---|---|
| 003 | OSt | ||
| 005 | 20220918171011.0 | ||
| 006 | a|||||r|||| 00| 0 | ||
| 007 | ta | ||
| 008 | 220917b |||||||| |||| 00| 0 eng d | ||
| 020 |
_a9781119170198 (pbk) _cUSD 61.50 |
||
| 024 | _a324,437 | ||
| 037 |
_b1476, 29/01/2018, Bright Book Service _cTextual |
||
| 040 |
_aARTS _cARTS _beng |
||
| 041 |
_2eng _aeng |
||
| 082 | _aS1:86, Q7 | ||
| 100 |
_aSkuse David Ed. _933013 |
||
| 245 | 0 |
_aChild psychology and psychiatry _b frameworks for clinical training and practice |
|
| 250 | _a3rd | ||
| 260 |
_aWest Sussax _b Wiley Blackwell UK _c2017 |
||
| 300 |
_axxxi,456p. _ccm. |
||
| 650 |
_aCHILD PSYCHOLOGY; PSYCHIATRY _933014 |
||
| 700 |
_a Bruce Helen Ed. _933015 |
||
| 700 |
_a Dowdney Linda Ed. _933016 |
||
| 942 |
_hS1:86, Q7 _cTEXL _2CC |
||
| 999 |
_c137192 _d137192 |
||